L'escultor Joan Rebull / (Record no. 143118)
[ view plain ]
| 000 -LEADER | |
|---|---|
| campo de control de longitud fija | 00674nam a2200193 4500 |
| 001 - NÚMERO DE CONTROL | |
| campo de control | 143118 |
| 003 - IDENTIFICADOR DE NÚMERO DE CONTROL | |
| campo de control | ES-MaACL |
| 005 - FECHA Y HORA DE LA ÚLTIMA TRANSACCIÓN | |
| campo de control | 20260213172534.0 |
| 007 - CAMPO FIJO DE DESCRIPCIÓN FÍSICA--INFORMACIÓN GENERAL | |
| campo de control de longitud fija | t| |
| 008 - DATOS DE LONGITUD FIJA--INFORMACIÓN GENERAL | |
| campo de control de longitud fija | 070214s1960 sp r ||||1| cat d |
| 100 1# - ENTRADA PRINCIPAL--NOMBRE DE PERSONA | |
| Nombre de persona | Selva y Vives, José. |
| 9 (RLIN) | 105358 |
| 245 12 - MENCIÓN DEL TÍTULO | |
| Título | L'escultor Joan Rebull / |
| Mención de responsabilidad, etc. | Josep Selva i Vives ; práoleg de Joan Ainaud de Lasarte. |
| 260 ## - PUBLICACIÓN, DISTRIBUCIÓN, ETC. | |
| Lugar de publicación, distribución, etc. | Reus : |
| Nombre del editor, distribuidor, etc. | Asociación de Estudios Reunenses, |
| Fecha de publicación, distribución, etc. | 1960 ( |
| Fabricante | Mitjau) |
| 300 ## - DESCRIPCIÓN FÍSICA | |
| Extensión | 93 p., 5 h., 3 lám. col., 26 lám. ; |
| Dimensiones | 25 cm. |
| 700 1# - ENTRADA AGREGADA--NOMBRE PERSONAL | |
| Nombre de persona | Ainaud de Lasarte, Joan, |
| Fechas asociadas al nombre | 1919-1995 |
| 9 (RLIN) | 18980 |
| 710 00 - ENTRADA AGREGADA--NOMBRE DE ENTIDAD CORPORATIVA | |
| Nombre de entidad corporativa o nombre de jurisdicción como elemento de entrada | Asociación de Estudios Reusenses. |
| 9 (RLIN) | 1590 |
| 852 ## - LOCALIZACIÓN | |
| Ubicación | ES-MaACL |
| Número de control de estantería | C-18921 |
| Sublocalización o colección | R.47073 |
| Estatus retirado | Estado de pérdida | Estado de daño | No para préstamo | Biblioteca de origen | Biblioteca actual | Ubicación en estantería | Fecha de adquisición | Fuente de adquisición | Total de préstamos | Signatura topográfica completa | Código de barras | Visto por última vez | Precio de reemplazo | Tipo de ítem Koha |
|---|---|---|---|---|---|---|---|---|---|---|---|---|---|---|
| Biblioteca del Ateneo de Madrid | Biblioteca del Ateneo de Madrid | Galería | 17/01/2008 | C-18921 | 1148906 | 23/02/2023 | 23/02/2023 | Libro impreso |
